LIBRARY & INFORMATION CENTRE, KCAET, TAVANUR

ONLINE PUBLIC ACCESS CATALOGUE (OPAC)

Correct your english / (Record no. 12432)

MARC details
000 -LEADER
fixed length control field 00385cam a2200157ua 4500
041 ## - LANGUAGE CODE
Language code of text/sound track or separate title eng
082 ## - DEWEY DECIMAL CLASSIFICATION NUMBER
Classification number 425
Item number MEN/CO
100 ## - MAIN ENTRY--AUTHOR NAME
Personal name Mendtstton, Palms .
245 ## - TITLE STATEMENT
Title Correct your english /
260 ## - PUBLICATION, DISTRIBUTION, ETC. (IMPRINT)
Place of publication London :
Name of publisher Longman Green and Co ,
Year of publication 1960.
300 ## - PHYSICAL DESCRIPTION
Number of Pages 182 ; .
700 1# - ADDED ENTRY--PERSONAL NAME
Personal name J.W, .
942 ## - ADDED ENTRY ELEMENTS (KOHA)
Koha item type Books
Holdings
Withdrawn status Lost status Damaged status Home library Current library Date acquired Full call number Accession Number Koha item type
Withdrawn     KAUAET Malayalam University 07/04/2012 425 4094 Books
free website counter